Metódy spracovania vzorky a analýzy vybraných prioritných polutantov typu pesticídov vo vodách a biote
Salvato in:
| Autore principale: | |
|---|---|
| Altri autori: | |
| Natura: | Manoscritto Libro |
| Lingua: | slovacco |
| Soggetti: | |
| Accesso online: | http://is.stuba.sk/zp/portal_zp.pl?podrobnosti=92560 |
| Tags: |
Nessun Tag, puoi essere il primo ad aggiungerne!!
|
MARC
| LEADER | 00000ntm a22000003a 4500 | ||
|---|---|---|---|
| 001 | stuzp46614 | ||
| 003 | SK-STU | ||
| 005 | 20150617230330.5 | ||
| 007 | ta | ||
| 008 | 150427s2015----xo-----f-mn---000-0-slo-d | ||
| 040 | |a STU |b slo | ||
| 041 | 0 | |a slo | |
| 100 | 1 | |a Dobrovická, Dominika |u 041180 |4 aut |U FCHPT Ústav analytickej chémie |T FCHPT Oddelenie analytickej chémie |X 42464 |U C1180 |Y 108 |7 42464 | |
| 242 | 0 | 1 | |a Methods of sample preparation and analysis for selected priority pollutants of pesticide type in waters and biota |y eng |
| 245 | 1 | 0 | |a Metódy spracovania vzorky a analýzy vybraných prioritných polutantov typu pesticídov vo vodách a biote |
| 650 | 4 | |a SPE a SBSE |2 slo | |
| 650 | 4 | |a plynová chromatografia s hmotnosntou spektrometriou |2 slo | |
| 650 | 4 | |a prioritné polutanty vo vodách a biote |2 slo | |
| 650 | 4 | |a SPE and SBSE |2 eng | |
| 650 | 4 | |a gas chromatography with mass spectrometry |2 eng | |
| 650 | 4 | |a priority pollutants in water and biota |2 eng | |
| 700 | 1 | |a Benická, Eva, |d 1964- |4 ths |X 3371 |7 A000003371 | |
| 856 | 4 | |u http://is.stuba.sk/zp/portal_zp.pl?podrobnosti=92560 | |
| SQL | |a stuzp46614 |b DBP |c SLO |d Metódy spracovania vzorky a analýzy vybraných prioritných polutantov typu pesticídov vo vodách a biote |e 42464 |f Dobrovická, Dominika |g 041180 |h 3371 |i Benická, Eva |j 20140714 |k 753 |l 04 |m http://is.stuba.sk/zp/portal_zp.pl?podrobnosti=92560 | ||